[Event "POL-chT3 Wielkopolskie 1314"]
[Site "Poland"]
[Date "2014.01.05"]
[Round "4.32"]
[White "Wesolowski, Edgar"]
[Black "Pilzak, Marcin"]
[Result "1/2-1/2"]
[WhiteElo "2001"]
[BlackElo "1823"]
[PlyCount "74"]
[EventDate "2013.10.27"]
[EventType "team-tourn"]
[EventRounds "11"]
[EventCountry "POL"]
[SourceTitle "EXT 2015"]
[Source "ChessBase"]
[SourceDate "2014.11.20"]
[SourceVersion "1"]
[SourceVersionDate "2014.11.20"]
[SourceQuality "1"]
[WhiteTeam "Wolsztyn UKS Szach"]
[BlackTeam "Leszno Wieniawa"]
[WhiteTeamCountry "POL"]
[BlackTeamCountry "POL"]

1. c4 e5 2. Nc3 Nc6 3. g3 d6 4. Bg2 Nge7 5. Nf3 g6 6. 0-0 Bg7 7. d3 0-0 8. Bd2 h6 9. Rb1 a5 10. a3 Bg4 11. h3 Be6 12. b4 axb4 13. axb4 Qd7 14. Kh2 Nd4 15. Ng1 c6 16. b5 g5 17. e3 Ndf5 18. Na4 Qc7 19. f4 gxf4 20. exf4 exf4 21. Bxf4 Ng6 22. bxc6 bxc6 23. Bd2 d5 24. Ne2 Be5 25. cxd5 Nxg3 26. Nxg3 Bxg3+ 27. Kh1 Bxd5 28. Bxd5 cxd5 29. Nb6 Ra2 30. Nxd5 Qd6 31. Nf6+ Kh8 32. Ne4 Qe6 33. Qh5 Bh4 34. Qxh6+ Kg8 35. Qe3 Re8 36. Rb6 Qd7 37. Rg1 Rxd2 1/2-1/2

[Event "Lublin op"]
[Site "Lublin"]
[Date "2011.12.30"]
[Round "7"]
[White "Stoma, Pawel"]
[Black "Wesolowski, Edgar"]
[Result "1-0"]
[WhiteElo "2316"]
[BlackElo "1977"]
[PlyCount "47"]
[EventDate "2011.12.27"]
[EventType "swiss"]
[EventRounds "7"]
[EventCountry "POL"]
[SourceTitle "CBM 146 Extra"]
[Source "ChessBase"]
[SourceDate "2012.02.29"]
[SourceVersion "1"]
[SourceVersionDate "2012.02.29"]
[SourceQuality "1"]

1. e4 c5 2. d4 cxd4 3. c3 Nf6 4. e5 Nd5 5. cxd4 Nc6 6. Nc3 Nxc3 7. bxc3 Qa5 8. Bd2 d6 9. f4 Bf5 10. Qb3 Qc7 11. Nf3 e6 12. Be2 f6 13. exf6 gxf6 14. Nh4 Qc8 15. Nxf5 exf5 16. 0-0 h5 17. Bc4 Ne7 18. Rfe1 Qc7 19. Bb5+ Kd8 20. Qf7 Bh6 21. Re6 Rb8 22. Qxf6 Rh7 23. Bd3 Qd7 24. Rae1 1-0

[Event "Lublin op"]
[Site "Lublin"]
[Date "2011.12.29"]
[Round "5"]
[White "Golawski, Hubert"]
[Black "Wesolowski, Edgar"]
[Result "0-1"]
[WhiteElo "1674"]
[BlackElo "1977"]
[PlyCount "94"]
[EventDate "2011.12.27"]
[EventType "swiss"]
[EventRounds "7"]
[EventCountry "POL"]
[SourceTitle "CBM 146 Extra"]
[Source "ChessBase"]
[SourceDate "2012.02.29"]
[SourceVersion "1"]
[SourceVersionDate "2012.02.29"]
[SourceQuality "1"]

1. e4 c5 2. d3 Nc6 3. Be3 d6 4. g3 g6 5. Bg2 Bg7 6. c3 e5 7. Ne2 Nge7 8. 0-0 f5 9. f4 b6 10. d4 exd4 11. cxd4 fxe4 12. Bxe4 d5 13. Bg2 Nf5 14. Bf2 Nfxd4 15. Nxd4 Nxd4 16. Nc3 Be6 17. Re1 0-0 18. Kh1 Bf7 19. Rb1 Qd7 20. a3 Rad8 21. b4 Nf5 22. Na4 c4 23. g4 Ne7 24. h4 Nc6 25. h5 Be6 26. Bh4 Bxg4 27. Qc1 Rde8 28. Qd2 d4 29. Qc2 c3 30. Qb3+ Kh8 31. Qc4 Nd8 32. b5 Be6 33. Qf1 Bd5 34. Nxc3 dxc3 35. Rbd1 Qh3+ 36. Kg1 Bxg2 37. Qxg2 Qxh4 38. Rf1 Ne6 39. f5 Bd4+ 40. Rxd4 Nxd4 41. fxg6 Ne2+ 42. Qxe2 Rxe2 43. Rxf8+ Kg7 44. Rf7+ Kh6 45. Rxh7+ Kg5 46. Rxa7 Qg3+ 47. Kh1 Re1# 0-1

[Event "POL-chT 2nd League"]
[Site "Mrzezyno"]
[Date "2011.09.05"]
[Round "3.63"]
[White "Sobczak, Miroslaw"]
[Black "Wesolowski, Edgar"]
[Result "0-1"]
[WhiteElo "1962"]
[BlackElo "1960"]
[PlyCount "60"]
[EventDate "2011.09.03"]
[EventType "team-swiss"]
[EventRounds "9"]
[EventCountry "POL"]
[SourceTitle "EXT 2019"]
[Source "ChessBase"]
[SourceDate "2018.10.10"]
[SourceVersion "1"]
[SourceVersionDate "2018.10.10"]
[SourceQuality "1"]
[WhiteTeam "Gniezno LKS Chrobry"]
[BlackTeam "Wolsztyn UKS Szach"]
[WhiteTeamCountry "POL"]
[BlackTeamCountry "POL"]

1. e4 c5 2. Nc3 d6 3. f4 g6 4. Nf3 Bg7 5. Bc4 Nc6 6. 0-0 e6 7. f5 Nd4 8. fxe6 Bxe6 9. Bxe6 Nxe6 10. d3 Ne7 11. Ng5 0-0 12. Qg4 Nd4 13. Qd1 h6 14. Nf3 d5 15. Bd2 b5 16. Nxd4 cxd4 17. Nxb5 dxe4 18. dxe4 Qb6 19. Bb4 Rae8 20. Qd3 a6 21. Bxe7 Rxe7 22. Na3 Qxb2 23. Rab1 Qxa2 24. Rb3 a5 25. Nc4 Rc7 26. Rfb1 a4 27. Rb4 Rfc8 28. Nb6 Rxc2 29. Qf1 R8c3 30. Rxa4 Rxg2+ 0-1

[Event "Poznan op 20th"]
[Site "Poznan"]
[Date "2011.07.16"]
[Round "1"]
[White "Wesolowski, Edgar"]
[Black "Lisiecki, Robert"]
[Result "1-0"]
[WhiteElo "1983"]
[BlackElo "1510"]
[PlyCount "43"]
[EventDate "2011.07.16"]
[EventType "swiss"]
[EventRounds "9"]
[EventCountry "POL"]
[SourceTitle "CBM 143 Extra"]
[Source "ChessBase"]
[SourceDate "2011.08.29"]
[SourceVersion "1"]
[SourceVersionDate "2011.08.29"]
[SourceQuality "1"]

1. c4 Nf6 2. Nc3 c5 3. Nf3 Nc6 4. d4 e6 5. d5 exd5 6. cxd5 Ne7 7. d6 Nf5 8. e4 Nxd6 9. e5 Nde4 10. exf6 Nxc3 11. bxc3 Qxf6 12. Qc2 Be7 13. Bc4 h6 14. 0-0 0-0 15. Bd5 Rb8 16. Bb2 Qf4 17. Rfe1 Qc7 18. Rxe7 b6 19. Qg6 Qf4 20. c4 Qd4 21. Nxd4 cxd4 22. Bxd4 1-0

[Event "POL-chT3 2010/11"]
[Site "Wielkopolska"]
[Date "2011.04.15"]
[Round "11"]
[White "Walaszczyk, Witold"]
[Black "Wesolowski, Edgar"]
[Result "0-1"]
[WhiteElo "2238"]
[BlackElo "1910"]
[PlyCount "158"]
[EventDate "2010.11.28"]
[EventType "team-tourn"]
[EventRounds "11"]
[EventCountry "POL"]
[SourceTitle "EXT 2019"]
[Source "ChessBase"]
[SourceDate "2018.10.10"]
[SourceVersion "1"]
[SourceVersionDate "2018.10.10"]
[SourceQuality "1"]
[WhiteTeam "Konin Hetman"]
[BlackTeam "Wolsztyn UKS Szach"]
[WhiteTeamCountry "POL"]
[BlackTeamCountry "POL"]

1. d4 d5 2. Nf3 c6 3. g3 Bf5 4. Bg2 e6 5. 0-0 Bd6 6. c4 Nf6 7. Nc3 Nbd7 8. Nh4 Bg6 9. Nxg6 hxg6 10. Bg5 dxc4 11. e4 e5 12. dxe5 Nxe5 13. Qe2 Qc7 14. Kh1 Nh5 15. g4 Nf6 16. h3 0-0-0 17. f4 Nexg4 18. Bxf6 Nxf6 19. e5 Nh5 20. exd6 Ng3+ 21. Kh2 Nxf1+ 22. Rxf1 Rxd6 23. Qxc4 Rd2 24. b4 Qd7 25. Rf3 Qg4 26. Qf1 g5 27. fxg5 Qxg5 28. b5 Qe5+ 29. Kh1 cxb5 30. Qc1 Rd7 31. Nxb5+ Kb8 32. Qf4 Rh5 33. Nc3 Qxf4 34. Rxf4 Rc5 35. Ne4 Rc4 36. Rf5 f6 37. Rb5 a6 38. Rb2 b5 39. Kh2 Kc7 40. Nd2 Rc3 41. Nb3 Kb6 42. Re2 Rcd3 43. Re8 Rd8 44. Re7 R3d7 45. Re6+ Rd6 46. Re7 R8d7 47. Re8 Ra7 48. Rb8+ Kc7 49. Rg8 g5 50. Nc5 a5 51. Ne4 Re6 52. Nc3 Re5 53. Nd5+ Kd6 54. Nxf6 Rae7 55. Rc8 Rf5 56. Rc6+ Ke5 57. Nd5 Rd7 58. Ne3 Rf4 59. Ng4+ Kd4 60. Nf6 Re7 61. Nd5 Re2 62. Nc3 Rb2 63. a4 Rff2 64. Nxb5+ Ke5 65. Rc5+ Kf6 66. Nc3 Rxg2+ 67. Kh1 Rgc2 68. Ne4+ Ke7 69. Rxg5 Rb1+ 70. Rg1 Rxg1+ 71. Kxg1 Rc4 72. Nd2 Rxa4 73. Kf2 Kd6 74. Ke2 Kc5 75. Kd1 Rh4 76. Kc2 Rxh3 77. Kb2 Kb4 78. Nb1 Rh2+ 79. Ka1 Kb3 0-1

[Event "POL-ch U18"]
[Site "Murzasichle"]
[Date "2011.03.05"]
[Round "1"]
[White "Sowul, Bartosz"]
[Black "Wesolowski, Edgar"]
[Result "0-1"]
[WhiteElo "2190"]
[BlackElo "1916"]
[PlyCount "92"]
[EventDate "2011.03.05"]
[EventType "swiss"]
[EventRounds "9"]
[EventCountry "POL"]
[SourceTitle "EXT 2012"]
[Source "ChessBase"]
[SourceDate "2011.11.24"]
[SourceVersion "1"]
[SourceVersionDate "2011.11.24"]
[SourceQuality "1"]

1. d4 d5 2. c4 e6 3. Nc3 c6 4. Nf3 dxc4 5. a4 Bb4 6. e3 b5 7. Be2 Nf6 8. 0-0 a6 9. Ne5 Bb7 10. Bf3 Nd5 11. Qc2 Nd7 12. Nxd7 Qxd7 13. e4 Nxc3 14. bxc3 Bd6 15. e5 Be7 16. Be4 Rb8 17. Be3 h6 18. f4 0-0 19. f5 exf5 20. Bxf5 Qd5 21. Be4 Qe6 22. Qf2 c5 23. Bf5 Qd5 24. axb5 axb5 25. Rad1 cxd4 26. Bxd4 Rbd8 27. Bg4 Qc6 28. Kh1 b4 29. cxb4 Bxb4 30. Qg3 c3 31. Be3 Rxd1 32. Bxd1 Ba6 33. Bf3 Qe6 34. Rc1 Bd3 35. Qf4 Qe7 36. Bd1 Rd8 37. Bb3 Bg6 38. h3 Rc8 39. Bc2 Ba3 40. Bxg6 Bxc1 41. Bxc1 fxg6 42. Qg4 Rc5 43. e6 Re5 44. Qg3 Qxe6 45. Qxc3 Re1+ 46. Kh2 Qd6+ 0-1

[Event "POL-chT3 2010/11"]
[Site "Wielkopolska"]
[Date "2011.01.23"]
[Round "4"]
[White "Grabianowski, Krystian"]
[Black "Wesolowski, Edgar"]
[Result "0-1"]
[WhiteElo "1879"]
[BlackElo "1910"]
[PlyCount "63"]
[EventDate "2010.11.28"]
[EventType "team-tourn"]
[EventRounds "11"]
[EventCountry "POL"]
[SourceTitle "EXT 2019"]
[Source "ChessBase"]
[SourceDate "2018.10.10"]
[SourceVersion "1"]
[SourceVersionDate "2018.10.10"]
[SourceQuality "1"]
[WhiteTeam "Szamotuly Baszta"]
[BlackTeam "Wolsztyn UKS Szach"]
[WhiteTeamCountry "POL"]
[BlackTeamCountry "POL"]

1. e4 c5 2. d4 cxd4 3. c3 Nf6 4. e5 Ne4 5. Qxd4 d5 6. f3 Nc6 7. Bb5 a6 8. Bxc6+ bxc6 9. fxe4 e6 10. Nf3 c5 11. Qd3 a5 12. exd5 exd5 13. Bg5 Qd7 14. c4 Bb7 15. cxd5 h6 16. e6 Qa4 17. Qf5 f6 18. Nc3 Qb4 19. Qg6+ Kd8 20. Qf7 Be7 21. d6 Re8 22. a3 Qxb2 23. Rb1 Qxc3+ 24. Bd2 Qd3 25. dxe7+ Rxe7 26. Qf8+ Re8 27. e7+ Kc7 28. Bxa5+ Kd6 29. Rb6+ Bc6 30. Bd2 Rxe7+ 31. Qxe7+ Kxe7 32. Kf2 0-1

[Event "POL-chT3 Wielkopolska 1112"]
[Site "Poland"]
[Date "2011.??.??"]
[Round "1.3"]
[White "Wesolowski, Edgar"]
[Black "Glatty, Zbigniew"]
[Result "1-0"]
[WhiteElo "1977"]
[BlackElo "1944"]
[PlyCount "55"]
[EventDate "2011.11.27"]
[EventType "team-tourn"]
[EventRounds "11"]
[EventCountry "POL"]
[SourceTitle "EXT 2014"]
[Source "ChessBase"]
[SourceDate "2013.11.20"]
[SourceVersion "1"]
[SourceVersionDate "2013.11.20"]
[SourceQuality "1"]
[WhiteTeam "Wolsztyn UKS Szach"]
[BlackTeam "Steszew Lipno"]
[WhiteTeamCountry "POL"]
[BlackTeamCountry "POL"]

1. c4 f5 2. Nc3 Nf6 3. Nf3 e6 4. d3 d5 5. Bf4 Be7 6. e3 0-0 7. Be2 c6 8. h3 b6 9. 0-0 a5 10. a3 Bd6 11. Bxd6 Qxd6 12. Qc2 Ba6 13. b4 Nbd7 14. Nd4 Rfc8 15. b5 cxb5 16. cxb5 Bb7 17. Qb2 Nc5 18. Nf3 Nfd7 19. d4 Ne4 20. Nxe4 dxe4 21. Nd2 Bd5 22. Rac1 Kf8 23. Rc3 Ke8 24. Rfc1 Kd8 25. Bc4 Ke7 26. Bxd5 Rxc3 27. Bxa8 Rxa3 28. Nc4 1-0

[Event "Poznan op 19th"]
[Site "Poznan"]
[Date "2010.08.07"]
[Round "7"]
[White "Kaluzny, Tomasz"]
[Black "Wesolowski, Edgar"]
[Result "0-1"]
[WhiteElo "1522"]
[BlackElo "1987"]
[PlyCount "50"]
[EventDate "2010.08.01"]
[EventType "swiss"]
[EventRounds "9"]
[EventCountry "POL"]
[SourceTitle "CBM 138 Extra"]
[Source "ChessBase"]
[SourceDate "2010.10.29"]
[SourceVersion "1"]
[SourceVersionDate "2010.10.29"]
[SourceQuality "1"]

1. d4 d5 2. Nf3 c6 3. Bf4 Bf5 4. e3 Nd7 5. Bd3 e6 6. 0-0 Ngf6 7. c3 Ne4 8. Qc2 Be7 9. Ne5 g5 10. f3 Nd6 11. Nxd7 gxf4 12. e4 Qxd7 13. exf5 Nxf5 14. Bxf5 exf5 15. Re1 Rg8 16. Qe2 Kd8 17. Nd2 Bh4 18. Rf1 Re8 19. Qd3 Re3 20. Qb1 Kc7 21. Nb3 Re2 22. Nc5 Rg8 23. Rd1 Rgxg2+ 24. Kh1 Rxh2+ 25. Kg1 Qe8 0-1